000 00514nam a22001931a 4500
001 2852
003 OSt
005 20260204211828.0
008 040405s1994||||mx ||||||b||||||||||spa||
020 _a9701004426
050 _a658.406 L77p
082 _a658.406 L77p
100 _aLlano Cifuentes, Carlos
245 _aEl postmodernismo en la empresa / Carolos Llano Cifuentes
264 _aMéxico : McGraw-Hill
300 _a183 p
650 _a1.Modernización - Administración GerencialÌ
942 _2ddc
_cBK
999 _c2852
_d2852